RECENT ADVANCES IN OBSTETRICS AND GYNECOLOGY- 8 / (Record no. 798858)

MARC details
000 -LEADER
fixed length control field 00467pam a2200169 a 4500
020 ## - INTERNATIONAL STANDARD BOOK NUMBER
International Standard Book Number 8184480202
Terms of availability 350.00
041 ## - LANGUAGE CODE
Language code of text/sound track or separate title eng
Language code of original NULL
082 ## - DEWEY DECIMAL CLASSIFICATION NUMBER
Classification number 618.2
Item number DAS
100 ## - MAIN ENTRY--PERSONAL NAME
Personal name DASGUPTA, S .
245 ## - TITLE STATEMENT
Title RECENT ADVANCES IN OBSTETRICS AND GYNECOLOGY- 8 /
Statement of responsibility, etc. NULL.
Medium Textual Documents
260 ## - PUBLICATION, DISTRIBUTION, ETC.
Place of publication, distribution, etc. NULL :
Name of publisher, distributor, etc. JAYPEE BROTHERS MEDICAL PUB. ,
Date of publication, distribution, etc. 2008.
300 ## - PHYSICAL DESCRIPTION
Extent 176 :
Other physical details X ;
Dimensions A4 .
365 ## - TRADE PRICE
Price type code 350.00
650 ## - SUBJECT ADDED ENTRY--TOPICAL TERM
Topical term or geographic name entry element OBST.GYNE
930 ## - EQUIVALENCE OR CROSS-REFERENCE-UNIFORM TITLE HEADING [LOCAL, CANADA]
Uniform title 4324
Holdings
Withdrawn status Lost status Damaged status Not for loan Home library Current library Date acquired Cost, normal purchase price Total Checkouts Full call number Barcode Date last seen Copy number Price effective from Koha item type
        Medical College & Hospital, Sangli Medical College & Hospital, Sangli 28/11/2011 350.00   618.2 DAS MCS-9162 26/07/2023 1 26/07/2023 Book